| 000 | 00996cam a22001934a 4500 | ||
|---|---|---|---|
| 005 | 20250605164042.0 | ||
| 008 | 250528s ||||||||||||||||||||||||d | ||
| 035 | _a17018 | ||
| 020 | _a415025516 | ||
| 040 |
_aGR-AtMCL _bgre _dGR-AtMCL _eAACR2 |
||
| 245 | 1 | _aPopular Culture / The Metropolitan Experience | |
| 260 |
_bRouledge, _c1986 |
||
| 300 | _a244 | ||
| 520 | _aThe writer shows how popular culture is continually being remade as each of us define our own urban space. Preface, Acknowledgements, Popular Culture and Popular Knowledge, The Obscured Metropolis, Urban Times, Urban Past Times, Inside the Present, The Sights, A World of Images, National Views, Other Visions and Screens and Pleasures, The Sounds, From Music Hall to Hitsville, Other Sounds and Other Worlds, Sounds of Youth, Conclusions, In These Times, Theoretical Exposures: Framing Culture, Further Materials, References, Index. | ||
| 700 | 1 |
_aChambers Lain _93149 |
|
| 942 | _cBK | ||
| 999 |
_c2459 _d2459 |
||